000 00831nas a2200265 4500
001 BR8602822
003 BR-BrBNA
005 20231205090512.0
007 ta
008 230509b bl.|||p| |||| 00| 00por d
040 _aBR-BrBNA
_bpor
_cBiblioteca Nacional de Agricultura
041 _a(Pt)
072 _aH10
100 1 _aBastos, J.A.M.
100 1 _aFlechtmann, C.H.W.
245 1 _aSintomas e danos do acaro do tanajoa na manicoba [Manihot glaziovii, Mononychellus tanajoa, Ceara]
246 1 _aSymptoms and damage of the tanajoa mite in "manicoba" plant
650 _aMANICOBA
650 _aACARO VERDE
650 _aSINTOMA
650 _aCEARA
773 0 _tFitossanidade (Brazil)
_xISSN 0100-4204
_g(1982-1985), v. 6-9 p. 102-105
_wBR8602822
909 _a202311
_bLúcia
_c55
_dLúcia Elande
942 _2AGRIS
_n0
_cANA
999 _c118882
_d118882